Las organizaciones armadas.

Guardado en:
Formato: Deslizar
Materias:
ERP
Etiquetas: Agregar Etiqueta
Sin Etiquetas, Sea el primero en etiquetar este registro!
LEADER 00915ngm a22002415g 4500
001 CEM.cems022863
008 130507b2008##################0###0#####d
005 20241125145825.0
245 0 0 |a Las organizaciones armadas. 
300 |a 30'. 
500 |a En soporte VHS, consultar en ventanilla. 
538 |a Soporte: VHS - Norma: Pal N - Color: Si - Grabación DRD 2008 - Hitachi=4390. 
505 0 |a La doctrina de la seguridad nacional. La respuesta de las organizaciones armadas. Taco Ralo. La guerrilla urbana. Las FAL, FAP y FAR. Montoneros y secuestro de Aramburu. El ERP. Masacre de Trelew. La triple A. 
082 9 8 |/ TES 
653 |a HISTORIA ARGENTINA 
653 |a POLITICA ARGENTINA 
653 |a SEGURIDAD NACIONAL 
653 |a GUERRILLAS 
653 |a TRELEW 
653 |a TRIPLE A 
653 |a MONTONEROS 
653 |a ERP 
859 |a CEMS  |b BIB. CEMS - Depto. Recursos Didacticos  |h 982  |i TES  |k DRD  |p 1506.12  |t Ej.1